ბათუმის შოთა რუსთაველის სახელმწიფო უნივერსიტეტის ბიბლიოთეკა

Метафорическое моделирование языковой картины мира ребенка-би/поливинга / (ბიბ.ჩანაწერი № 52156)

000 -ლიდერი
ფიქსირებული სიგრძის საკონტროლო ველი 01315nam a2200253Ia 4500
001 - საკონტროლო ნომერი
საკონტროლო ველი 19163
003 - საკონტროლო ნომრის იდენტიფიკატორი
საკონტროლო ველი GE_BSU
005 - ბოლო ოპერაციის თარიღი და დრო
საკონტროლო ველი 20210429154116.0
008 - ფიქსირებული სიგრძის მონაცემთა ელემენტები - ზოგადი ინფორმაცია
ფიქსირებული სიგრძის საკონტროლო ველი 181216s2013||||ge |||||||||||||| ||geo||
040 ## - კატალოგიზაციის წყარო
Transcribing agency GE_BSU
041 ## - ენის კოდი
Language code of text/sound track or separate title geo
080 ## - უნივერსალური ათობითი კლასიფიკაციის ინდექსი
Universal Decimal Classification number 81 Г-54
100 ## - მთავარი ჩანაწერი - პიროვნების სახელი
Personal name Глонти-Катамадзе, Ирма
9 (RLIN) 11701
245 ## - ცნობა სათაურის შესახებ
Title Метафорическое моделирование языковой картины мира ребенка-би/поливинга /
Statement of responsibility, etc Ирма Глонти-Катамадзе; Научныи руководитель М. Арошидзе; Батумский гос. ун-т им. Шота Руставели. Департамент Европеистики.
264 ## - წარმოების, გამოცემის, დისტრიბუციის და სხვა ცნობები
გამოცემის, წარმოების, დისტრიბუციის... ადგილი Батуми,
გამოცემის, წარმოების, დისტრიბუციის... თარიღი 2013.
300 ## - ფიზიკური აღწერა
Extent 137 стр.
Other physical details 30 см.
653 ## - INDEX TERM--UNCONTROLLED
Uncontrolled term Метафорическое моделирование языковой картины мира ребенка-би/поливинга.
653 ## - INDEX TERM--UNCONTROLLED
Uncontrolled term Языкознание
653 ## - INDEX TERM--UNCONTROLLED
Uncontrolled term დისერტაცია
653 ## - INDEX TERM--UNCONTROLLED
Uncontrolled term ენათმეცნიერება
700 ## - ADDED ENTRY--PERSONAL NAME
Personal name Арошидзе, М.
Relator term Научныи руководитель
9 (RLIN) 11702
710 ## - ADDED ENTRY--CORPORATE NAME
Corporate name or jurisdiction name as entry element Батумский гос. ун-т им. Шота Руставели.
Subordinate unit Департамент Европеистики.
9 (RLIN) 10443
942 ## - ADDED ENTRY ELEMENTS (KOHA)
Koha item type წიგნი
Source of classification or shelving scheme
ეგზემპლარები
ჩამოწერის სტატუსი დაკარგული ეგზემპლარის სტატუსი კლასიფიკაციის წყარო ან თაროზე გაწყობის სქემა დაზიანების სტატუსი არ გაიცემა მუდმივი მდებარეობა (დაცვის ადგილი) ამჟამინდელი ადგილსამყოფელი შეძენის თარიღი სრული შენახვის შიფრი შტრიხკოდი ბოლო ოპერაციის თარიღი ეგზემპლარის მიმდევრობითი ნომერი (კეტერი?) ფასის ძალაში შესვლის თარიღი ეგზემპლარის სახეობა საჯარო შენიშვნა
        შიდა ფონდი ბათუმის შოთა რუსთაველის სახელმწიფო უნივერსიტეტის მთავარი ბიბლიოთეკა ბათუმის შოთა რუსთაველის სახელმწიფო უნივერსიტეტის მთავარი ბიბლიოთეკა 2018-12-17 81 Г-54 159 დისერტ. 2018-12-17 159 2018-12-17 დისერტაცია